| Tag |
First Indicator |
Second Indicator |
Subfields |
| LEADER |
00000cam a2200000 4500 |
| 001 |
in00000067216 |
| 005 |
20151008051912.0 |
| 008 |
800508s1937 nyucf 00010aenge |
| 010 |
|
|
|a 37012377
|
| 035 |
|
|
|a (OCoLC)06298073
|
| 035 |
|
|
|9 AAH0636AM
|
| 040 |
|
|
|a DLC
|c TXA
|d UtOrBLW
|
| 049 |
|
|
|a TXAM
|c [314299]
|
| 050 |
|
0 |
|a HV6452.O5
|b D3 1937
|
| 082 |
0 |
|
|a 923.4173
|
| 092 |
|
|
|a 364.14
|b D152d, 1937
|
| 100 |
1 |
|
|a Dalton, Emmett,
|d 1871-
|
| 245 |
1 |
0 |
|a When the Daltons rode /
|c by Emmett Dalton, in collaboration with Jack Jungmeyer.
|
| 264 |
|
1 |
|a Garden City, N.Y. :
|b The Sun Dial Press, Inc.,
|c [1937]
|
| 300 |
|
|
|a 1 page ., v-vii, 313 pages :
|b frontispiece, plates, portraits ;
|c 21 cm.
|
| 336 |
|
|
|a text
|b txt
|2 rdacontent
|
| 337 |
|
|
|a unmediated
|b n
|2 rdamedia
|
| 338 |
|
|
|a volume
|b nc
|2 rdacarrier
|
| 650 |
|
0 |
|a Crime
|z Oklahoma.
|
| 650 |
|
0 |
|a Outlaws.
|
| 610 |
2 |
0 |
|a Dalton Gang.
|
| 650 |
|
0 |
|a Criminals
|z Oklahoma.
|
| 700 |
1 |
|
|a Jungmeyer, Jack,
|d 1883-1961.
|
| 999 |
|
|
|a MARS
|
| 999 |
f |
f |
|s b35c9023-8d3b-326b-bfa7-ee3000d9b8a9
|i d912b25d-6c6c-3b6a-bcea-bd671e2d6775
|t 0
|
| 952 |
f |
f |
|p ric
|a Texas A&M University
|b Rellis Campus
|c Joint Library Facility
|d Remote Storage
|t 0
|e HV6452.O5 D3 1937
|h Library of Congress classification
|i unmediated -- volume
|m A14800812496
|
| 998 |
f |
f |
|a HV6452.O5 D3 1937
|t 0
|l Remote Storage
|